[Event "Central America-ch 24th"]
[Site "San Salvador"]
[Date "2023.01.21"]
[Round "1"]
[White "Kartodikromo, Virgil"]
[Black "Araujo Sanchez, Josue"]
[Result "0-1"]
[WhiteElo "1584"]
[BlackElo "2203"]
[PlyCount "68"]
[EventDate "2023.01.21"]
[EventType "swiss"]
[EventRounds "11"]
[EventCountry "ESA"]
[SourceTitle "CBM 212 Extra"]
[Source "ChessBase"]
[SourceDate "2023.03.31"]
[SourceVersion "1"]
[SourceVersionDate "2023.03.31"]
[SourceQuality "1"]

1. b3 d5 2. e3 Nf6 3. Bb2 Bf5 4. f4 e6 5. Nf3 Be7 6. d4 0-0 7. Bd3 Ne4 8. 0-0 c5 9. c3 Nc6 10. Bxe4 Bxe4 11. Nbd2 Bf5 12. Ne5 h6 13. Nxc6 bxc6 14. Qf3 cxd4 15. cxd4 c5 16. dxc5 Bxc5 17. Qg3 f6 18. Bd4 Bxd4 19. exd4 Qb6 20. Qe3 Rac8 21. Rac1 Bc2 22. Rf2 Bf5 23. Rff1 Qa6 24. h3 Qxa2 25. Ra1 Qb2 26. Rxa7 Rc3 27. Qf2 Rc2 28. Rd1 Rf7 29. Ra8+ Kh7 30. Qe3 Rfc7 31. g4 R7c3 32. Qe2 Be4 33. Raa1 Rxh3 34. Rab1 Qxd4+ 0-1